| 000 | 00744nam a2200241Ia 4500 | ||
|---|---|---|---|
| 003 | OSt | ||
| 005 | 20220918201919.0 | ||
| 006 | a|||||r|||| 00| 0 | ||
| 007 | ta | ||
| 008 | 220917b |||||||| |||| 00| 0 eng d | ||
| 024 | _a97,444 | ||
| 037 | _cTextual | ||
| 040 |
_aARTS _cARTS _beng |
||
| 041 |
_2eng _aeng |
||
| 082 | _aV2:1:M5, A19 (SL) | ||
| 100 |
_aDunlop Robert Henry Wallace _9101305 |
||
| 245 | 0 | _aService and adventure with the Khakee Ressalah, or Meerut volunteer horse, during themutinies of 1857-58 | |
| 260 | _c1800 | ||
| 490 | _aEye witness account of the great Indian mutiny; 1 | ||
| 650 | _aHISTORY | ||
| 942 |
_hV2:1:M5, A19 (SL) _cTEXL _2CC |
||
| 999 |
_c221039 _d221039 |
||